La voz del Estado : (Record n. 31002)
[ formato base ]
| 000 -LEADER | |
|---|---|
| fixed length control field | 01011nam a2200265 i 4500 |
| 003 - CONTROL NUMBER IDENTIFIER | |
| control field | IT-RoINE |
| 005 - DATE AND TIME OF LATEST TRANSACTION | |
| control field | 20190621072658.0 |
| 008 - FIXED-LENGTH DATA ELEMENTS--GENERAL INFORMATION | |
| fixed length control field | 020304s2001 sp |r o001|||spa|d |
| 020 ## - INTERNATIONAL STANDARD BOOK NUMBER | |
| International Standard Book Number | 843401288X |
| 024 7# - OTHER STANDARD IDENTIFIER | |
| Standard number or code | NIPO 007-01-052-6 |
| Source of number or code | nipo |
| 024 7# - OTHER STANDARD IDENTIFIER | |
| Standard number or code | NIPO 005-01-013-X |
| Source of number or code | nipo |
| 040 ## - CATALOGING SOURCE | |
| Original cataloging agency | SpMaBN |
| Transcribing agency | SpMaBN IT-RoINE |
| Modifying agency | IT-RoINE |
| 100 1# - MAIN ENTRY--PERSONAL NAME | |
| Personal name | Lorente Sariñena, Marta |
| 9 (RLIN) | 18221 |
| 245 13 - TITLE STATEMENT | |
| Title | La voz del Estado : |
| Remainder of title | la publicación de las normas (1810-1889) / |
| Statement of responsibility, etc | Marta Lorente Sariñena. |
| 260 ## - PUBLICATION, DISTRIBUTION, ETC. (IMPRINT) | |
| Place of publication, distribution, etc | Madrid : |
| Name of publisher, distributor, etc | Boletín Oficial del Estado : |
| -- | Centro de Estudios Políticos y Constitucionales, |
| Date of publication, distribution, etc | 2001. |
| 300 ## - PHYSICAL DESCRIPTION | |
| Extent | 231 p. ; |
| Dimensions | 25 cm. ; |
| 336 ## - CONTENT TYPE | |
| Source | rdacontent |
| Content type term | text |
| 337 ## - MEDIA TYPE | |
| Source | rdamedia |
| Media type term | unmediated |
| 338 ## - CARRIER TYPE | |
| Source | rdacarrier |
| Carrier type term | volume |
| 500 ## - GENERAL NOTE | |
| General note | Investigación resultado de los proyectos DGES PB96-1333 y DGI BHA2000-0195. |
| 500 ## - GENERAL NOTE | |
| General note | Incluye índice. |
| 504 ## - BIBLIOGRAPHY, ETC. NOTE | |
| Bibliography, etc | Incluye referencias bibliográficas e notas. |
| 650 #4 - SUBJECT ADDED ENTRY--TOPICAL TERM | |
| Topical term or geographic name as entry element | Norma jurídica |
| Geographic subdivision | España |
| General subdivision | Historia |
| Chronological subdivision | Siglo 19o. |
| 9 (RLIN) | 60777 |
| 942 ## - ADDED ENTRY ELEMENTS (KOHA) | |
| Item type | Monografías |
| Withdrawn status | Lost status | Damaged status | Not for loan | Home library | Current library | Date acquired | Total Checkouts | Full call number | Barcode | Date last seen | Price effective from | Koha item type |
|---|---|---|---|---|---|---|---|---|---|---|---|---|
| Iglesia Nacional Española en Roma | Iglesia Nacional Española en Roma | 21/06/2019 | DER 114 | 57372 | 21/06/2019 | 21/06/2019 | Monografías |